000 00652nam a2200277Ia 4500
005 20260324115716.0
008 008 260324s9999 xx 000 0 eng d
020 _a9781003422228
037 _aEBOOK
040 _aCRL
040 _beng
040 _cCRL
041 _2eng
041 _aeng
084 _qCRL
100 _a The International Institute for Strategic Studies (IISS)
245 0 _aSurvival 59.6
260 _bTaylor and Francis
260 _c2017
365 _a
365 _b95.99
856 _uhttp://www.taylorfrancis.com/books/9781003422228
942 _cEBOOK
999 _c1746775
_d1746775